Snow white (Record no. 21693)
| 000 -LEADER | |
|---|---|
| fixed length control field | 00440nam a22001457a 4500 |
| 003 - CONTROL NUMBER IDENTIFIER | |
| control field | OSt |
| 005 - DATE AND TIME OF LATEST TRANSACTION | |
| control field | 20260122121033.0 |
| 008 - FIXED-LENGTH DATA ELEMENTS--GENERAL INFORMATION | |
| fixed length control field | 260121b xxua|||| |||| 00| 0 eng d |
| 040 ## - CATALOGING SOURCE | |
| Transcribing agency | csu |
| 245 ## - TITLE STATEMENT | |
| Title | Snow white |
| 260 ## - PUBLICATION, DISTRIBUTION, ETC. (IMPRINT) | |
| Place of publication, distribution, etc | [place of publication not identified] : |
| Name of publisher, distributor, etc | [name of publisher not identified], |
| Date of publication, distribution, etc | [date of publication not identified]. |
| 300 ## - PHYSICAL DESCRIPTION | |
| Extent | 14 pages : |
| Other physical details | color illustrations. |
| 500 ## - GENERAL NOTE | |
| General note | English story book |
| 942 ## - ADDED ENTRY ELEMENTS (KOHA) | |
| Source of classification or shelving scheme | |
| Koha item type | Books |
| Price effective from | Permanent Location | Date last seen | Not for loan | Date acquired | Source of classification or shelving scheme | Koha item type | Lost status | Withdrawn status | Copy number | Source of acquisition | Collection code | Damaged status | Barcode | Shelving location | Current Location | Full call number |
|---|---|---|---|---|---|---|---|---|---|---|---|---|---|---|---|---|
| Cagayan State University - Carig Library | 2026-01-21 | 2026-01-21 | Books | 1 | Donation | Children Section | C000373 | Children Section | Cagayan State University - Carig Library | CS C000373 Sn618 | ||||||
| Cagayan State University - Carig Library | 2026-01-21 | 2026-01-21 | Books | 2 | Donations | Children Section | C000370 | Children Section | Cagayan State University - Carig Library | CS C370 Sn618 | ||||||
| Cagayan State University - Carig Library | 2026-01-21 | 2026-01-21 | Books | 3 | Donations | Children Section | C000380 | Children Section | Cagayan State University - Carig Library | CS C380 Sn618 | ||||||
| Cagayan State University - Carig Library | 2026-01-21 | 2026-01-21 | Books | 4 | Donations | Children Section | C000381 | Children Section | Cagayan State University - Carig Library | CS C381 Sn618 | ||||||
| Cagayan State University - Carig Library | 2026-01-22 | 2026-01-22 | Books | 5 | Donation | Children Section | C000400 | Children Section | Cagayan State University - Carig Library | CS C400 Sn618 | ||||||
| 2026-01-29 | Cagayan State University - Carig Library | 2026-01-29 | 2026-01-29 | Books | 5 | Donation | C000371 | Cagayan State University - Carig Library | CS C37 Sn6181 |